Statistics for Where Did You Sleep Last Night? - Nirvana (All Lyrics)

Click here to take the quiz!

General Stats

  • This quiz has been taken 22 times
  • The average score is 190 of 230

Answer Stats

Answer% Correct
did
100%
last
100%
night?
100%
night
100%
sleep
100%
Where
100%
where
100%
you
100%
I
95%
me
95%
My
95%
my
95%
The
95%
the
95%
don't
90%
Don't
90%
girl
90%
go?
90%
a
85%
ever
85%
In
85%
in
85%
lie
85%
shine
85%
sun
85%
Tell
85%
to
85%
shiver
80%
through
80%
I'm
75%
will
75%
going
70%
pines
70%
whole
70%
blows
65%
wind
65%
cold
60%
was
60%
would
55%
about
50%
but
50%
from
50%
never
50%
head
45%
Her
45%
here
45%
His
45%
his
45%
man
45%
body
40%
found
40%
hard
40%
husband
40%
I'd
40%
Just
40%
mile
40%
working
40%
driving
35%
wheel
35%

Score Distribution

Percentile by Number Answered

Percent of People with Each Score

Your Score History

You have not taken this quiz